Video Games by Screenshots 4 - Statistics

General Stats
  • This quiz has been taken 45 times
  • The average score is 5 of 16
Answer Stats
Picture Answer % Correct
Gang Beasts
71%
Hello Neighbor
68%
Far Cry 5
59%
Life is Strange
44%
Limbo
39%
Left 4 Dead 2
37%
Half Life
34%
Just Cause 2
34%
Kingdom Come
32%
Gas Station Simulator
29%
Green Hell
24%
Goose goose duck
20%
Hellblade
20%
Forza Horizon 4
15%
Hitman Blood Money
10%
Gunsmith Simulator
2%
No matching quizzes found
Score Distribution
Percent of People with Each Score
Percentile by Number Answered
Your Score History
You have not taken this quiz